|
|
|
|
| LEADER |
00000nam0a2200000 4500 |
| 001 |
363101 |
| 005 |
20231102011545.0 |
| 035 |
|
|
|a (RuTPU)RU\TPU\retro\20448
|
| 090 |
|
|
|a 363101
|
| 100 |
|
|
|a 20210920d1980 km y0rusy50 ca
|
| 101 |
1 |
|
|a rus
|c ger
|
| 102 |
|
|
|a RU
|
| 105 |
|
|
|a a z 001zb
|
| 200 |
1 |
|
|a До последнего дыхания. Биография Карла Либкнехта
|e пер. с нем.
|f Х. Вольгемут
|
| 210 |
|
|
|a Москва
|c Политиздат
|d 1980
|
| 215 |
|
|
|a 430 с.
|c ил.
|
| 320 |
|
|
|a Библиография в ссылках
|
| 600 |
|
1 |
|a Либкнехт
|b К.
|c деятель германского и международного рабочего и социалистического движения
|c один из основателей Коммунистической партии Германии
|f 1871-1919
|g Карл
|2 stltpush
|3 (RuTPU)RU\TPU\pers\39858
|9 21132
|
| 606 |
1 |
|
|a Коммунистические партии отдельных зарубежных стран
|x Европы
|2 stltpush
|3 (RuTPU)RU\TPU\subj\14923
|9 41243
|
| 610 |
1 |
|
|a коммунистическое движение
|
| 610 |
1 |
|
|a рабочее движение
|
| 610 |
1 |
|
|a Коммунистическая партия
|
| 610 |
1 |
|
|a Германия
|
| 610 |
1 |
|
|a политические деятели
|
| 610 |
1 |
|
|a 19 век
|
| 610 |
1 |
|
|a 20 век
|
| 610 |
1 |
|
|a история
|
| 610 |
1 |
|
|a персоналии
|
| 686 |
|
|
|a Ф61(4/.8)
|v LBC/SL-A
|2 rubbk
|
| 700 |
|
1 |
|a Вольгемут
|b Х.
|g Хайнц
|
| 801 |
|
1 |
|a RU
|b 63413507
|c 20210920
|
| 801 |
|
2 |
|a RU
|b 63413507
|c 20210920
|g RCR
|
| 942 |
|
|
|c BK
|